000 00361nas a2200145Ia 4500
022 _a0258-6770
040 _cBTS
082 _a823 WOR 1986 A097 Or.
245 0 4 _aThe World Bank economic review
260 _aWashington, D.C. :
_bWorld Bank,
_cc1986-
300 _av. :
_bill. ;
_c26 cm
650 0 _aEconomic development
710 2 _aWorld Bank
942 _cEK
999 _c14800
_d14800